| 000 | 00000nam##2200000za#4500 |
| 001 | 9.581119 |
| 003 | CaOODSP |
| 005 | 20210624191351 |
| 007 | cr ||||||||||| |
| 008 | 150406|2009||||xxc|||||o f|0| 0 eng|d |
| 022 | |a1701-1280 |
| 040 | |aCaOODSP|beng |
| 043 | |an-cn--- |
| 086 | 1 |aFs70-4/2009-059E-PDF |
| 110 | 1 |aCanada. |bDepartment of Fisheries and Oceans. |
| 245 | 10|aProceedings of the Central and Arctic Regional Science Advisory Process to assess whether upstream passage is needed for Lake Sturgeon at the Pointe du Bois generating station (Winnipeg River) : |h[electronic resource]|b22 October 2009, Freshwater Institute, Winnipeg, MB / |cThomas Pratt, Meeting Chairperson; Holly Cleator, Editor. |
| 260 | |aWinnipeg - Manitoba : |bFisheries and Oceans Canada |cMarch 2010. |
| 300 | |a25p.|bmap, references, photographs |
| 490 | 1 |aCanadian Science Advisory Secretariat proceedings series|x1701-1280|v2009/059 |
| 590 | |a14-20-Supp|b2014-11-25 |
| 830 | #0|aProceedings series (Canadian Science Advisory Secretariat)|x1701-1280|v2009/059|w(CaOODSP)9.506483 |
| 856 | 40|ahttp://publications.gc.ca|qPDF|s5940 KB|uhttps://publications.gc.ca/collections/collection_2014/mpo-dfo/Fs70-4-2009-059-eng.pdf|y2009/059 |